000 01623nam0a22003371 4500
001 v19\rc\1616802
005 20061002120237.2
035 _a(NLR Aleph) 004837753
090 _a4789279
_c4789279
100 _a20061002e18981898|||y0rusy50 ca
101 0 _arus
102 _aRU
105 _ay z |||h|
200 1 _aСв. апостол и евангелист Иоанн Богослов
_e(Речь, произнес. пред защитой магист. дис.: "Св. апостол и евангелист Иоанн Богослов. Его жизнь и благовестнические труды" XXIII + 481 + VIII. Сергиев Посад, 1898)
_f[Иером. Евдоким]
210 _aСергиев Посад
_c2-я тип. А.И. Снегиревой
_d1898
215 _a16 с.
_d24
300 _aАвт. указан в конце текста
309 _aБез тит. л. и обл.
311 _aОтт. из "Богосл. вестн." за 1898 г., № 7
488 0 _12001#$aБогословский вестник$v1898, № 7
532 1 2 _aСвятой апостол и евангелист Иоанн Богослов
700 0 _6z01790
_aЕвдоким
_cМещерский, Василий Иванович
_f1869-1935
702 0 _aИоанн Богослов
_cапостол
_4570
790 1 _6z01700
_aМещерский
_bВ. И.
_f1869-1935
_gВасилий Иванович
801 0 _aRU
_bNLR
_gpsbo
801 0 _aRU
_bRuMoRGB
_2psbo
801 1 _aRU
_bProSoft-M
_2rusmarc
852 _aNLR
_j18.288.3.121
899 _aRuMoRGB
_jA 249/640
942 _cBOOK
980 _aNB